Statistics for Football League Winners 22/23

Click here to take the quiz!

General Stats

  • This quiz has been taken 41 times
  • The average score is 8 of 10

Answer Stats

HintAnswer% Correct
SpainFC Barcelona
100%
GermanyFC Bayern Munich
100%
FrancePSG
100%
PortugalBenfica
97%
EnglandManchester City
97%
ItalySSC Napoli
84%
ScotlandCeltic
74%
NetherlandsFeyenoord
66%
AustriaRB Salzburg
39%
BelgiumGenk
24%

Score Distribution

Percentile by Number Answered

Percent of People with Each Score

Your Score History

You have not taken this quiz